Immunisation locale contre la tuberculose par voie cutanée / (Record no. 52883)

MARC details
000 -LEADER
campo de control de longitud fija 00575nam a2200181 i 4500
001 - NÚMERO DE CONTROL
campo de control 52883
003 - IDENTIFICADOR DE NÚMERO DE CONTROL
campo de control ES-MaACL
005 - FECHA Y HORA DE LA ÚLTIMA TRANSACCIÓN
campo de control 20230906162649.0
007 - CAMPO FIJO DE DESCRIPCIÓN FÍSICA--INFORMACIÓN GENERAL
campo de control de longitud fija t|
008 - DATOS DE LONGITUD FIJA--INFORMACIÓN GENERAL
campo de control de longitud fija 030905s1928 ne ||||1| dut d
100 1# - ENTRADA PRINCIPAL--NOMBRE DE PERSONA
Nombre de persona Dekker, J.
9 (RLIN) 43267
245 10 - MENCIÓN DEL TÍTULO
Título Immunisation locale contre la tuberculose par voie cutanée /
Mención de responsabilidad, etc. par J. Dekker ; préface de A. Besredka.
260 ## - PUBLICACIÓN, DISTRIBUCIÓN, ETC.
Lugar de publicación, distribución, etc. Amsterdam :
Nombre del editor, distribuidor, etc. H.J. Paris,
Fecha de publicación, distribución, etc. 1928.
300 ## - DESCRIPCIÓN FÍSICA
Extensión VIII, 104 p., 17 lám. :
Otras características físicas il. ;
Dimensiones 25 cm.
650 #4 - PUNTO DE ACCESO ADICIONAL DE MATERIA--TÉRMINO DE MATERIA
Término de materia o nombre geográfico como elemento de entrada Tuberculosis-
Subdivisión general Tratamiento.
9 (RLIN) 151845
700 1# - ENTRADA AGREGADA--NOMBRE PERSONAL
Nombre de persona Besredka, A.
9 (RLIN) 28592
852 ## - LOCALIZACIÓN
Ubicación ES-MaACL
Número de control de estantería E-1002
Holdings
Estatus retirado Estado de pérdida Estado de daño No para préstamo Biblioteca de origen Biblioteca actual Ubicación en estantería Fecha de adquisición Fuente de adquisición Total de préstamos Signatura topográfica completa Código de barras Visto por última vez Precio de reemplazo Tipo de ítem Koha
        Biblioteca del Ateneo de Madrid Biblioteca del Ateneo de Madrid Depósito 2 17/01/2008     E-1002 1055576 23/02/2023 23/02/2023 Libro impreso